Caracterización, problemas prioritarios y acciones en favor de la mujer de edad avanzada

Guardado en:
Detalles Bibliográficos
Autor Corporativo: Servicio Nacional de la Mujer (Autor)
Formato: Libro
Lenguaje:español
Publicado: Santiago Servicio Nacional de La Mujer 1992
Colección:Documentos de Trabajo, 18
Materias:
Etiquetas: Agregar Etiqueta
Sin Etiquetas, Sea el primero en etiquetar este registro!

MARC

LEADER 00000nam a2200000 a 4500
001 UCX7601
003 CL-VaPUC
008 931221e19920000CL |||||||||||||||||spa|d
082 0 4 |a 305.26  |b SER  |2 21 
110 2 |a Servicio Nacional de la Mujer  |e author  |9 324495 
245 1 0 |a Caracterización, problemas prioritarios y acciones en favor de la mujer de edad avanzada 
300 |a 70 p 
942 |c BK 
945 |d 19931221 00:00:00  |a nfarias 
260 |a Santiago  |b Servicio Nacional de La Mujer  |c 1992 
650 7 |a EDAD ADULTA  |2 CL-VaPUC  |9 309602 
650 0 |a Ancianos   |9 307293 
583 |a last modification  |c 19931221 00:00:00  |k Rodrigo Vera 
490 0 |a Documentos de Trabajo, 18 
999 |c 227385  |d 227383 
952 |0 0  |1 0  |4 0  |6 305_260000000000000_SER_1992  |7 0  |8 A  |9 226350  |a BIBGIM  |b BIBGIM  |d 2019-11-15  |i 2954648  |o 305.26 SER 1992  |p 2954648  |r 2025-01-15  |w 2019-11-15  |y BK  |k SSL 
952 |0 0  |1 0  |4 0  |6 305_260000000000000_SER_1992  |7 0  |8 A  |9 226351  |a BIBGIM  |b BIBGIM  |d 2019-11-15  |i 3314731  |o 305.26 SER 1992  |p 3314731  |r 2025-01-15  |w 2019-11-15  |y BK  |k GIM